Statistics for Once Upon A Time Ship Names Quiz

Click here to take the quiz!

General Stats

  • This quiz has been taken 764 times
    (763 since last reset)
  • The average score is 6 of 17

Answer Stats

CharactersShip Name% Correct
Emma & Captain HookCaptain Swan
83%
Emma & ReginaSwan Queen
75%
Regina & Robin HoodOutlaw Queen
63%
Neal & EmmaSwanfire
58%
Snow White & Prince CharmingSnowing
54%
Mr. Gold & BelleRumpbelle
35%
Mulan & AuroraSleeping Warrior
31%
Snow White & ReginaSnow Queen
26%
Regina & DanielStable Queen
24%
Dorothy & RubyRuby Slippers
22%
David & ReginaEvil Charming
21%
Sheriff Graham & EmmaGremma
16%
Belle & RubyRed Beauty
15%
Cora & RumplestiltskinGolden Heart
10%
Sheriff Graham & ReginaHunting Queen
8%
Captain Hook & Mr. GoldPirate Gold
6%
Zelena & HadesHell Witch
4%

Score Distribution

Percentile by Number Answered

Percent of People with Each Score

Your Score History

You have not taken this quiz since the last reset